000 01218nam a22003497a 4500
003 CHAP
005 20220329134953.0
008 971013s1980 r 00010 d
010 _a28864
011 _a29836
035 _a33947
040 _cCHAP
090 _aTesis
100 0 0 _aLebrija Rodríguez, Adriana Alejandrina.
_965352
245 _aEstudio histopatológico de la respuesta inmunecutánea en la fasciolasis de los bovinos
260 _aMéxico, D. F. :
_bEl autor,
_c1980
300 _a27 p.
_b: ilus.
502 _aTesis (Médico Veterinario Zootecnista) -- UNAM. Facultad de Medicina Veterinaria y Zootecnia
590 _aALEPH
_b10
_c20130110
_lUCH01
_h1250
590 _aBATCH-UPD
_b10
_c20130109
_lUCH01
_h2335
590 _aBATCH-UPD
_b10
_c20130110
_lUCH01
_h1912
590 _aBATCH-UPD
_b10
_c20130409
_lUCH01
_h1902
590 _aBATCH-UPD
_b10
_c20130410
_lUCH01
_h1238
590 _aBATCH-UPD
_b10
_c20130914
_lUCH01
_h1511
590 _aCONVERSION
_b10
_c20130109
_lUCH01
_h1317
650 1 4 _aFasciola hepatica.
_939814
650 1 4 _aGanado Holstein.
_945133
650 1 4 _aGanado vacuno
_xParásitos.
_945500
901 _aBK
942 _cTESIS
949 _bBC
_cTES
_d-78749
_eTS1
_h18634
_i33947
_si
999 _c28864
_d28864